| 000 | 01139cad a22002295a 4500 | ||
|---|---|---|---|
| 001 | E149001 | ||
| 008 | 091214s2009 xxk f s000 0 eng d | ||
| 020 | _a9780755982264 | ||
| 035 | _a(Sirsi) u149001 | ||
| 041 | 0 | _aeng | |
| 050 | 0 | 4 | _a333.72 $2 18 |
| 110 | 2 |
_aScotland _bScottish Government _95344 |
|
| 245 | 0 | 0 |
_aScotland's climate change adaptation framework _benergy _h[electronic resource] |
| 260 |
_aEdinburgh _bScottish Government _c2009 |
||
| 520 | _aSets out key issues this sector faces in adapting to climate change, and outlines actions planned to address the impacts of a changing climate. This is one of a series of Sector Summaries relating to Scotland's Climate Change Adaptation Framework (see E148999) which will be updated as required, with the most recent summary available online at: www.scotland.gov.uk/climatechangeadaptation. | ||
| 521 | _aAdvanced | ||
| 590 | _aKA | ||
| 651 | 4 |
_aScotland _y1999- |
|
| 690 | _aENVIRONMENTAL AND LAND CONSULTANCY-SUSTAINABILITY | ||
| 856 | 4 | 0 |
_uhttps://www.scotland.gov.uk/Publications/2009/12/08130940/0 _zView the item free of charge at www.scotland.gov.uk... |
| 942 | _n0 | ||
| 999 |
_c110324 _d110324 |
||